000
00291nam a2200121Ia 4500
008
190216s9999||||xx |||||||||||||| ||und||
100
_a
Shyamsundar Gosh
245
0
_a
Hindi-Bachan Ek Abhinav Moolyakan
260
_b
Yara Publication
_c
2008
300
_a
192
650
_a
Hindi
942
_c
BK
999
_c
16824
_d
16824